00595nam a2200205 a 4500001000400000003000900004005001700013008004100030020001500071040002800086082001600114100002000130245010200150250002800252260003600280300002400316500002000340650001200360700001700372961BD-DhUAP20210117141911.0200123s1964 enk b 001 0 eng d a0061311596 aDLCcDLCdDLCdBD-DhUAP00a170 KAN2231 aKant, Immanuel.10aGroundwork of the metaphysic of morals /cImmanuel Kant ; Translated and analysed by H. J. Paton. a1st Haper Torchbook ed. aLondon :bHarper & Raw,cc1964. a148 pages ;c23 cm. aIncludes index. 0aEthics. aPaton, H.J.